000 01058nam a22002897a 4500
001 BR8000248
003 BR-BrBNA
005 20230928090516.0
007 ta
008 230509b bl.||||| |||| 00| 0 por d
040 _aBR-BrBNA
_bpor
_cBiblioteca Nacional de Agricultura
041 _a(Por)
072 _aF00
_b0336
_b3575
_b/G514
090 _ 0336 BR8000248
110 1 _aAssociacao dos Produtores de Sementes do Rio Grande do Sul, Passo Fundo (Brasil);
_9625
110 1 _aFaculdade de Agronomia de Passo Fundo, RS (Brasil)
111 1 _a7. Reuniao Conjunta de Pesquisa de Soja da Regiao Sul
_cPorto Alegre, RS (Brazil)
_d30 Jul 1979
245 1 _aSintese das pesquisas. Producao e tecnologia de sementes [Soja; Glycine max; Brasil]
246 1 _a[Synthesis of the research works. Seed production and technology [Soybean; Glycine max; Brazil]]
260 3 _aPasso Fundo, RS (Brasil):
_c1979.
300 _a19 p.
650 _aProducao vegetal
650 _aSoja
650 _aSemente
909 _a202309
_bLucia
_c55
_dLucia Elande
942 _cBK
999 _c29131
_d29131